000 00246cam a2200121ua 4500
082 _a621.43
_bPAN/EL
100 _aPandya, N C.
245 _aElements of Heat engines
250 _a5 /
_b.
300 _a ; .
504 _a
999 _c11337
_d11337